Metal cutting principles (Record no. 166312)

MARC details
000 -LEADER
fixed length control field 00358nam a2200145Ia 4500
008 - FIXED-LENGTH DATA ELEMENTS--GENERAL INFORMATION
fixed length control field 231217s9999 xx 000 0 und d
041 ## - LANGUAGE CODE
Language code of text/sound track or separate title English
082 ## - DEWEY DECIMAL CLASSIFICATION NUMBER
Classification number 671.5 SHA;1
100 ## - MAIN ENTRY--PERSONAL NAME
Personal name Shaw, Milton C.
245 #0 - TITLE STATEMENT
Title Metal cutting principles
260 ## - PUBLICATION, DISTRIBUTION, ETC.
Date of publication, distribution, etc. 1984
Name of publisher, distributor, etc. Oxford : Clarendon Press,
300 ## - PHYSICAL DESCRIPTION
Extent xxii+594
650 ## - SUBJECT ADDED ENTRY--TOPICAL TERM
Topical term or geographic name entry element Metal cutting
942 ## - ADDED ENTRY ELEMENTS (KOHA)
Koha item type Books
Holdings
Date last seen Total checkouts Full call number Accession number Cost, total (INR) price Price effective from Category Lost status Damaged status Department Withdrawn status Home library Current library Entry date Vendor Cost, normal purchase price Grants Billnumber Billdate Currency symbol Conversion rate Discount Old discount
26/01/2024   671.5 SHA;1 12848 1906.12 26/01/2024 Books     Central Library   Central Library Central Library 05/04/1999 Allied publ. 2242.49 ME BAN/CR/000056 19/11/2001 RS 1 336.37 15

© For any Suggestions or Query, please contact the library staff @ librarian@pes.edu or Phone: +9180 2672 1983/ 2108.